| 000 | 00402nam a22001217a 4500 | ||
|---|---|---|---|
| 082 | _aTHE 200 | ||
| 100 |
_aMEMOONA JAVERIA, _972777 |
||
| 245 | _aTH-SOF-0736-AUTHENTICATED CLIENT PROVABLE DATA POSSESSION (AC-PDP) SECURITY SYSTEM FOR CLOUD COMPUTING | ||
| 260 |
_aNUST COLLEGE OF EME _bISLAMABAD _c2001 |
||
| 650 |
_aMS-CSE-9 MSTHESIS _972778 |
||
| 700 |
_a DR MUHAMMAD YOUNUS JAVED _918584 |
||
| 942 | _cCF | ||
| 999 |
_c578755 _d578755 |
||